Makroekonomie /
Učební text se snaží usnadnit orientaci v makroekonomické teorii.
Uloženo v:
| Hlavní autor: | |
|---|---|
| Další autoři: | , , |
| Médium: | E-kniha |
| Jazyk: | Czech |
| Vydáno: |
Praha :
Management Press,
2018
|
| Vydání: | 3. aktualizované a doplněné vydání |
| Témata: | |
| Tagy: |
Žádné tagy |
| LEADER | 01947nam a2200457 i 4500 | ||
|---|---|---|---|
| 001 | 310868 | ||
| 003 | CZ PrSKC | ||
| 005 | 20260601215656.0 | ||
| 007 | ta | ||
| 008 | 180220s2018 xr a e p 001 0 cze | ||
| 015 | |a cnb002981056 | ||
| 020 | |a 9788072615377 |q (vázáno) : |c Kč 990,00 | ||
| 035 | |a (OCoLC)1031055234 | ||
| 040 | |a OLA001 |b cze |e rda | ||
| 072 | 7 | |a 33 |x Ekonomie |2 Konspekt | |
| 072 | 7 | |a 37.016 |x Učební osnovy. Vyučovací předměty. Učebnice |2 Konspekt | |
| 080 | |a 330.101.541 |2 MRF | ||
| 080 | |a (075.8) |2 MRF | ||
| 100 | 1 | |a Soukup, Jindřich, |d 1955- |7 jx20051221026 |4 aut | |
| 245 | 1 | 0 | |a Makroekonomie / |c Jindřich Soukup, Vít Pošta, Pavel Neset, Tomáš Pavelka |
| 250 | |a 3. aktualizované a doplněné vydání | ||
| 264 | 1 | |a Praha : |b Management Press, |c 2018 | |
| 300 | |a 535 stran : |b ilustrace ; |c 25 cm | ||
| 336 | |a text |b txt |2 rdacontent | ||
| 337 | |a bez média |b n |2 rdamedia | ||
| 338 | |a svazek |b nc |2 rdacarrier | ||
| 504 | |a Obsahuje bibliografii, bibliografické odkazy a rejstřík | ||
| 520 | 2 | |a Učební text se snaží usnadnit orientaci v makroekonomické teorii. | |
| 650 | 0 | 7 | |a makroekonomie |7 ph115205 |2 czenas |
| 650 | 0 | 9 | |a macroeconomics |2 eczenas |
| 655 | 7 | |a učebnice vysokých škol |7 fd133772 |2 czenas | |
| 655 | 9 | |a textbooks (higher) |2 eczenas | |
| 700 | 1 | |a Pošta, Vít, |d 1980- |7 jx20080229006 |4 aut | |
| 700 | 1 | |a Neset, Pavel, |d 1970- |7 xx0012580 |4 aut | |
| 700 | 1 | |a Pavelka, Tomáš, |d 1975- |7 mzk2004248647 |4 aut | |
| 900 | |a ABA001 |b 19 | ||
| 928 | 9 | |a Albatros Media - Management Press | |
| 044 | |a xr | ||
| 910 | |a RBIT002 | ||
| 998 | |d 177569 |a https://core.palmknihy.cz/api/books/177569/cover?siclbj |b https://core.palmknihy.cz/api/books/177569/cover/400?siclbj |c https://core.palmknihy.cz/api/books/177569/cover/50?siclbj |e 2050-12-31 |g 536 |i 9788072615377 |k https://core.palmknihy.cz/api/books/177569/preview.pdf |l |q 49 |r 1 |s https://www.palmknihy.cz/kniha/177569 |t ebook |y 2018 |z 0 | ||
| 999 | |d 310866 | ||